El arte de la pintura: fragmentos poéticos
Guardado en:
| Autor principal: | |
|---|---|
| Formato: | Libro |
| Lenguaje: | español |
| Publicado: |
Valparaíso
Universidad Católica de Valparaíso
1977
|
| Materias: | |
| Etiquetas: |
Agregar Etiqueta
Sin Etiquetas, Sea el primero en etiquetar este registro!
|
MARC
| LEADER | 00000nam a2200000 a 4500 | ||
|---|---|---|---|
| 001 | UCV8815 | ||
| 003 | CL-VaPUC | ||
| 008 | 911217e19770000CL |||||||||||||||||spa|d | ||
| 082 | 0 | 4 | |a 861 |b CES |2 21 |
| 100 | 0 | |a Cespedes, Pablo de |e author |9 302815 | |
| 245 | 1 | 3 | |a El arte de la pintura: fragmentos poéticos |
| 300 | |a 36 p | ||
| 942 | |c BK | ||
| 945 | |d 19911217 00:00:00 | ||
| 260 | |a Valparaíso |b Universidad Católica de Valparaíso |c 1977 | ||
| 650 | 0 | |a Poesías españolas |9 265100 | |
| 583 | |a last modification |c 19911217 00:00:00 |k Rodrigo Vera | ||
| 999 | |c 214261 |d 214259 | ||
| 952 | |0 0 |1 0 |4 0 |6 861_000000000000000_CES_1977 |7 0 |8 P |9 197459 |a BIBARQ |b BIBARQ |d 2019-11-14 |i 2651289 |o 861 CES 1977 |p 2651289 |r 2025-01-20 |w 2019-11-14 |y BK |k ARQ | ||